000
00211nam a2200097Ia 4500
008
220204s9999 xx 000 0 und d
082
_a
82-3
_b
MOR
100
_a
Morris, Suzanne
245
0
_a
Galveston
942
_c
BK
999
_c
30936
_d
30936